| 000 | 00758nam a2200217 a 4500 | ||
|---|---|---|---|
| 001 | 000017629 | ||
| 005 | 20240530073934.0 | ||
| 008 | 100329s1976 dr r 001 e spa d | ||
| 040 |
_aDO-SdBNP _bspa _cBNPHU |
||
| 082 |
_aRD864.44 _bE74b |
||
| 100 | 1 |
_aEscobal, Luis S. _938438 |
|
| 245 | 1 | 0 |
_aBibliografĂa nacional : _bfolletos... y otros escritos / _cLuis S. Escobal. |
| 246 | 1 | 4 | _aFolletos... y otros escritos |
| 260 |
_aSanto Domingo : _bAlfa y Omega, _c1976. |
||
| 300 |
_a139 p. ; _c20 cm. |
||
| 505 | 0 |
_tFolletos -- _tEl libro -- _tJosé Dubeau (un maestro ejemplar) -- _tOtros escritos. |
|
| 590 | _aInventariado, 2019/BT | ||
| 650 | 0 |
_aEnsayos dominicanos _965 |
|
| 650 | 0 |
_aLiteratura dominicana. _967 |
|
| 910 | _aValidado. Control de calidad. EMS | ||
| 999 |
_c17154 _d17154 |
||